LEADER 03668nam 22005293 450 001 9910913780003321 005 20251116213716.0 010 $a9789819745371 010 $a9819745373 035 $a(CKB)36702040300041 035 $a(MiAaPQ)EBC31807799 035 $a(Au-PeEL)EBL31807799 035 $a(BIP)119325725 035 $a(BIP)112443903 035 $a(OCoLC)1477224685 035 $a(EXLCZ)9936702040300041 100 $a20241203d2025 uy 0 101 0 $aeng 135 $aur||||||||||| 181 $ctxt$2rdacontent 182 $cc$2rdamedia 183 $acr$2rdacarrier 200 10$aPoverty Alleviation Case Analysis in China $ePoverty Alleviation Best Practice Via Practices and SDG Strategies 205 $a1st ed. 210 1$aSingapore :$cSpringer,$d2025. 210 4$dİ2024. 215 $a1 online resource (133 pages) 225 1 $aSpringerBriefs on Case Studies of Sustainable Development Series 311 08$a9789819745364 311 08$a9819745365 330 $aThis book offers comprehensive analysis for individual cases of poverty alleviation to facilitate respective in-depth key learnings and an overview of poverty alleviation strategies carried out in China. Best practices were selected from representative cases in China to demonstrate the development of different approaches in the poverty alleviation journey with collective stakeholders' efforts - Government, Industry, Academia, and Research, plus the local stakeholders engaged in the rural development activities. Overseas cases are referenced to show the outcome of similar strategies as comparison with the consideration of regional specific conditions. Through better understanding of the focal issues, areas and organizations - and their respective key challenges and solutions - there is the compilation for each case its analysis, comparative studies and SDG relevance. These aim at engaging the readers from institutes, governments, corporates, or social enterprises, to think about how to adopt the related SDG strategies. They also serve as the initiatives to facilitate potential cross-region and cross-disciplinary collaboration. The book acts as the guide on how: - Poverty Reduction is one of the key goals in SDGs - while solving this key challenge, multiple goals could be planned and tackled together to make an effective solution. - Multi-disciplinary strategies are put in place, demonstrated via success stories and best practices.  Key driving factors are identified with the consideration of the driving organization nature. - A system could be developed to engage different stakeholders in the society for industry development - and to avoid returning to poverty in the long term. - Future international cooperation could be facilitated to create a poverty alleviation framework applicable across different regions. 410 0$aSpringerBriefs on Case Studies of Sustainable Development Series 606 $aBUSINESS & ECONOMICS / Development / Economic Development$2bisacsh 606 $aBUSINESS & ECONOMICS / Economics / Comparative$2bisacsh 606 $aPOLITICAL SCIENCE / Public Policy / Social Policy$2bisacsh 615 7$aBUSINESS & ECONOMICS / Development / Economic Development 615 7$aBUSINESS & ECONOMICS / Economics / Comparative 615 7$aPOLITICAL SCIENCE / Public Policy / Social Policy 676 $a339.460951 700 $aInternational Poverty Reduction Center In China$01777811 801 0$bMiAaPQ 801 1$bMiAaPQ 801 2$bMiAaPQ 906 $aBOOK 912 $a9910913780003321 996 $aPoverty Alleviation Case Analysis in China$94299614 997 $aUNINA